[Event "Bordeaux-ch 48th"]
[Site "Bordeaux"]
[Date "2015.05.14"]
[Round "2"]
[White "Quillien, Emmanuel"]
[Black "Fabris, David"]
[Result "1/2-1/2"]
[WhiteElo "2175"]
[BlackElo "1684"]
[PlyCount "83"]
[EventDate "2015.05.14"]
[EventType "swiss"]
[EventRounds "7"]
[EventCountry "FRA"]
[SourceTitle "CBM 166 Extra"]
[Source "ChessBase"]
[SourceDate "2015.06.18"]
[SourceVersion "1"]
[SourceVersionDate "2015.06.18"]
[SourceQuality "1"]

1. e3 e5 2. c4 Nf6 3. a3 a5 4. Nc3 Be7 5. Nf3 Nc6 6. Be2 0-0 7. 0-0 d5 8. cxd5 Nxd5 9. Qc2 Be6 10. Rd1 Nb6 11. Na4 Nxa4 12. Qxa4 Qd5 13. d4 exd4 14. Bb5 Na7 15. Nxd4 Rfd8 16. Be2 b5 17. Qc2 Qe5 18. Bd2 Rxd4 19. exd4 Qxe2 20. Qxc7 Bh4 21. Qb7 Qxf2+ 22. Kh1 Rd8 23. Qf3 Qxf3 24. gxf3 Nc6 25. Be3 Bf6 26. Rac1 Nxd4 27. Kg2 Bc4 28. a4 Be2 29. Rxd4 Bxd4 30. Bxd4 h6 31. Bb6 Rd2 32. Bxa5 Rxb2 33. Bc3 Rb3 34. axb5 Bxb5 35. Kf2 Kh7 36. Ke3 Bd7 37. Kf2 Bf5 38. h4 Rb1 39. Rxb1 Bxb1 40. Kg3 Kg6 41. Bd4 Kf5 42. Bxg7 1/2-1/2